| 000 | 00696nam a2200217Ii 4500 | ||
|---|---|---|---|
| 001 | 14928 | ||
| 003 | CO-ViMGA | ||
| 008 | 241108s9999||||xx |||||||||||||| ||und|| | ||
| 020 | _a9588181372 | ||
| 040 |
_aCO-ViMGA _bspa _erda _cCO-ViMGA |
||
| 041 | 0 | _aspa | |
| 082 | 0 | 4 | _a305.898221 M17t |
| 100 | 1 |
_aAnne Marie Losonczy _944837 |
|
| 245 | 1 | 0 |
_aLa trama interétnica : _britual, sociedad y figuras del intercambio entre los grupos negros y Emberá del Chocó |
| 264 | 1 | _aBogotá, Colombia : Icanh, 2006 | |
| 300 | _avolumen | ||
| 336 |
_atext _btxt _2rdacontent |
||
| 337 |
_aunmediated _bn _2rdamedia |
||
| 338 |
_avolume _bnc _2rdacarrier |
||
| 940 | _aidficha_siabuc: 14618. -- ficha_no_siabuc:14928 | ||
| 999 |
_c39304 _d39304 |
||